| 000 | 01195cam a2200301 a 4500 | ||
|---|---|---|---|
| 001 | 1389562 | ||
| 003 | NUST-PNEC | ||
| 005 | 20170116180711.0 | ||
| 008 | 821227s1984 nyua b 001 0 eng | ||
| 010 | _a 82024784 | ||
| 020 | _a0442262515 | ||
| 040 | _cPNEC | ||
| 050 | 0 | 0 |
_aQA76.6 _b.H3335 1984 |
| 082 | 0 | 0 | _a001.6425 |
| 100 |
_9541 _aVick, C.R. |
||
| 245 | 0 | 0 |
_aHandbook of software engineering / _cedited by C.R. Vick, C.V. Ramamoorthy. |
| 260 |
_aNew Delhi _bCBS Publishers & Distributors _cc1986. |
||
| 300 |
_axxxiii, 683 p. : _bill. ; _c26 cm. |
||
| 440 | 0 | _aVan Nostrand Reinhold electrical/computer science and engineering series | |
| 500 | _aIncludes Index http://www.amazon.com/Handbook-Software-Engineering-electrical-engineering/dp/0442262515/ref=sr_1_1?s=books&ie=UTF8&qid=1412924273&sr=1-1&keywords=HANDBOOK+OF+SOFTWARE+ENGINEERING+BY+C.R.+VICK | ||
| 504 | _aIncludes bibliographical references and index. | ||
| 650 | 0 |
_aSoftware engineering _xMIS |
|
| 700 | 1 |
_aVick, Charles R. _q(Charles Ralph) |
|
| 700 | 1 |
_aRamamoorthy, C. V. _q(Chittoor V.), _d1926- |
|
| 740 | 0 | _aSoftware engineering. | |
| 906 |
_a7 _bcbc _corignew _d1 _eocip _f19 _gy-gencatlg |
||
| 942 |
_2ddc _cBK |
||
| 999 |
_c60965 _d60965 |
||